Estadísticas para Países que Limitan con Kenia

Haz click aquí para tomar la prueba!

Estadísticas generales

  • Esta prueba ha sido tomada 4.870 veces
  • La puntuación promedio es 5 de 5

Respuestas en el mapa

Las respuestas están codificadas por una escala verde-roja en el mapa de la prueba según el % correcto abajo.
 

Estadísticas de respuestas

País% Correcto
Etiopía
96%
Tanzania
94%
Somalia
92%
Uganda
91%
Sudán del Sur
89%

Distribución de puntuación

Porcentaje por número respondido

Porcentaje de gente con cada puntuación

Historial de tus puntuaciones

No has tomado esta prueba